Statystyki dla Zgadnij Kraj po zdjęciu

Kliknij tutaj aby rozwiązać quiz!

Ogólne statystyki

  • Ten quiz został rozwiązany 1 410 razy
  • Średni wynik to 15 z 21

Statystyki odpowiedzi

Odpowiedź% Poprawnych
Egipt
100%
Francja
99%
Stany Zjednoczone
97%
Wielka Brytania
97%
Włochy
96%
Rosja
92%
Japonia
90%
Chiny
88%
Australia
84%
Niemcy
79%
Indie
76%
Hiszpania
64%
Polska
61%
Czechy
55%
Malediwy
55%
Meksyk
53%
Peru
53%
Kanada
42%
Brazylia
40%
Norwegia
32%
Tajlandia
16%

Rozkład punktacji

Percentyl według liczby udzielonych odpowiedzi

Procent ludzi z każdym wynikiem

Twoja historia wyników

Nie rozwiązałeś tego quizu